[Event "FICGS lightning silver 000007 email"]
[Site "FICGS email"]
[Date "2010.02.21"]
[Round "1"]
[White "Petrescu, Horatiu Adrian"]
[Black "Gray, Garvin"]
[Result "0-1"]
[WhiteElo "1689"]
[BlackElo "2043"]
[PlyCount "186"]
[EventDate "2010.??.??"]
[EventType "game (corr)"]
[SourceTitle "Corr 2013"]
[Source "ChessBase"]
[SourceDate "2012.11.12"]
[SourceVersion "1"]
[SourceVersionDate "2012.11.12"]
[SourceQuality "1"]

1. e4 d6 2. Nc3 c5 3. Nge2 Nf6 4. d4 cxd4 5. Nxd4 a6 6. Bg5 e6 7. f4 Be7 8. Qf3 Qc7 9. 0-0-0 Nbd7 10. g4 b5 11. Bxf6 Nxf6 12. g5 Nd7 13. f5 Nc5 14. f6 gxf6 15. gxf6 Bf8 16. a3 Rb8 17. b3 Nd7 18. Rg1 Bb7 19. Bh3 Ne5 20. Qg3 Rc8 21. Kb2 Rg8 22. Ncxb5 axb5 23. Qxg8 Qc3+ 24. Kb1 Qxh3 25. Nxb5 Kd7 26. Rd3 Qh6 27. Rgd1 Qxf6 28. Rc3 Qd8 29. Qg3 Rxc3 30. Qxc3 f6 31. Qd4 Ke8 32. Nxd6+ Qxd6 33. Qxd6 Bxd6 34. Rxd6 Ke7 35. Rb6 Bxe4 36. a4 Nc6 37. Kc1 f5 38. Kd2 Kd6 39. c3 Kc7 40. Rb5 f4 41. a5 Bd5 42. Ke2 Na7 43. Rc5+ Kd6 44. b4 Nc6 45. a6 e5 46. Ke1 Na7 47. c4 Be6 48. h3 e4 49. Rh5 Bxc4 50. Rf5 f3 51. Kf2 Bd5 52. Rh5 Nb5 53. Ke3 Nc3 54. Rh6+ Kc7 55. a7 Kb7 56. Rxh7+ Ka8 57. Kd4 Nb5+ 58. Ke3 Na3 59. Kf2 Nc2 60. Re7 Nxb4 61. Ke3 Nd3 62. Re8+ Kxa7 63. Rd8 Bc6 64. Rf8 Ne1 65. Kf4 Ng2+ 66. Kg3 e3 67. Rxf3 e2 68. Ra3+ Kb6 69. Ra1 e1Q+ 70. Rxe1 Nxe1 71. Kf4 Kc5 72. Kg4 Kd5 73. Kf4 Ng2+ 74. Kf3 Ke5+ 75. Kg3 Nf4 76. h4 Be4 77. Kg4 Bf5+ 78. Kf3 Nh5 79. Ke3 Be4 80. Kd2 Kd4 81. Kd1 Kd3 82. Kc1 Kc3 83. Kd1 Bf3+ 84. Ke1 Kd3 85. Kf2 Bg4 86. Kf1 Ke3 87. Kg1 Bh3 88. Kh2 Bf1 89. Kg1 Ke2 90. Kh1 Kf2 91. Kh2 Ng3 92. h5 Bg2 93. h6 Nf1# 0-1